| 000 | 00395nam a2200169Ia 4500 | ||
|---|---|---|---|
| 005 | 20251020182532.0 | ||
| 008 | 200515s9999 xx 000 0 und d | ||
| 082 | _a711.168/M12 | ||
| 100 | _aMACAULAY, David | ||
| 245 | 0 | _aNacimiento de una ciudad moderna | |
| 260 | _aBarcelona | ||
| 260 | _c1978 | ||
| 500 | _a1 ejemplar | ||
| 650 | _aARQUITECTURA MODERNA | ||
| 650 | _aLIB | ||
| 942 | _cLIB | ||
| 999 |
_c2109 _d2109 |
||